[Event "Sao Paulo Schutt Cup 10th"]
[Site "Sao Paulo"]
[Date "2016.10.30"]
[Round "5"]
[White "Da Cunha, Gabriela Goes"]
[Black "Miyoshi, Andre Henrique"]
[Result "0-1"]
[WhiteElo "1838"]
[BlackElo "1471"]
[PlyCount "58"]
[EventDate "2016.10.28"]
[EventType "swiss"]
[EventRounds "6"]
[EventCountry "BRA"]
[SourceTitle "CBM 175 Extra"]
[Source "ChessBase"]
[SourceDate "2016.12.12"]
[SourceVersion "1"]
[SourceVersionDate "2016.12.12"]
[SourceQuality "1"]

1. d4 Nf6 2. Nf3 g6 3. Bf4 d5 4. e3 Bf5 5. Bd3 Ne4 6. Nbd2 Bg7 7. c3 Nxf2 8. Bb5+ c6 9. Bxc6+ Nxc6 10. Kxf2 0-0 11. Re1 Re8 12. Kg1 e5 13. dxe5 Nxe5 14. Nxe5 Bxe5 15. Bxe5 Rxe5 16. Nf3 Re7 17. Qd2 Be4 18. Rf1 Qb6 19. Rae1 Rae8 20. Ng5 Rd8 21. Nxe4 dxe4 22. Qf2 f5 23. Qh4 Red7 24. Qf2 Rd2 25. Re2 Qxb2 26. Rxd2 Rxd2 27. Qe1 Rxg2+ 28. Kh1 Rxh2+ 29. Kg1 Qg2# 0-1

[Event "Sao Paulo Schutt Cup 10th"]
[Site "Sao Paulo"]
[Date "2016.10.29"]
[Round "4"]
[White "Miyoshi, Andre Henrique"]
[Black "Funayama S A, Yuri"]
[Result "0-1"]
[WhiteElo "1471"]
[BlackElo "1752"]
[PlyCount "82"]
[EventDate "2016.10.28"]
[EventType "swiss"]
[EventRounds "6"]
[EventCountry "BRA"]
[SourceTitle "CBM 175 Extra"]
[Source "ChessBase"]
[SourceDate "2016.12.12"]
[SourceVersion "1"]
[SourceVersionDate "2016.12.12"]
[SourceQuality "1"]

1. d4 e6 2. c4 d5 3. Nc3 Nf6 4. Bg5 Be7 5. Nf3 h6 6. Bf4 Bd6 7. Qd2 c6 8. cxd5 Bxf4 9. Qxf4 cxd5 10. g3 Nc6 11. Bg2 Qb6 12. Qd2 0-0 13. 0-0 Bd7 14. Rfc1 Rac8 15. a3 Na5 16. Ne5 Bb5 17. Nxb5 Rxc1+ 18. Rxc1 Nb3 19. Qc3 Nxc1 20. Bf1 Qxb5 21. Qxc1 Rd8 22. Qc7 Rf8 23. b4 Qb6 24. Qc5 Qxc5 25. dxc5 Rc8 26. Bg2 a5 27. Nd3 axb4 28. axb4 b6 29. e3 Nd7 30. cxb6 Nxb6 31. b5 Nd7 32. Bf1 Rb8 33. Nb4 Ne5 34. Na6 Rb6 35. Nc5 Nc4 36. Na4 Rxb5 37. Nc3 Rb3 38. Ne2 Rb1 39. Nc3 Rc1 40. Ne2 Re1 41. Nd4 Nd2 0-1

[Event "Sao Paulo Freitas op 2nd"]
[Site "Sao Paulo"]
[Date "2016.04.17"]
[Round "6"]
[White "Miyoshi, Andre Henrique"]
[Black "Bonfim, Regina Rodrigues"]
[Result "1/2-1/2"]
[WhiteElo "1439"]
[BlackElo "1907"]
[PlyCount "48"]
[EventDate "2016.04.15"]
[EventType "swiss"]
[EventRounds "6"]
[EventCountry "BRA"]
[SourceTitle "EXT 2017"]
[Source "ChessBase"]
[SourceDate "2016.10.25"]
[SourceVersion "1"]
[SourceVersionDate "2016.10.25"]
[SourceQuality "1"]

1. d4 Nf6 2. c4 g6 3. Nc3 d5 4. e3 Bg7 5. Nf3 0-0 6. Be2 c6 7. 0-0 dxc4 8. Bxc4 b5 9. Bd3 a6 10. a3 Bb7 11. e4 Nbd7 12. e5 Nd5 13. Nxd5 cxd5 14. Be3 e6 15. Qd2 Nb6 16. b3 Rc8 17. Rfc1 Qe7 18. Rc5 Nd7 19. Bg5 f6 20. Rxc8 Rxc8 21. exf6 Bxf6 22. Bxf6 Qxf6 23. Rc1 Rxc1+ 24. Qxc1 Qd8 1/2-1/2